| 000 | 00463nam a2200181Ia 4500 | ||
|---|---|---|---|
| 001 | 8116 | ||
| 005 | 20260306160545.0 | ||
| 008 | 260306t2011||||xx |||||||||||||| ||spa|| | ||
| 041 | _aESP | ||
| 082 |
_a370.11 _bG51 2011 |
||
| 100 |
_aGiussani, Luigi, _eAUT |
||
| 245 | 0 |
_aEducar es un riesgo : _bapuntes para un método educativo verdadero |
|
| 260 | _c2011 | ||
| 300 |
_a138 páginas : _c22 cm. |
||
| 650 | _aGEN | ||
| 654 | _aCED | ||
| 942 |
_cLIB _dJUS _fJUS _2ddc _n |
||
| 999 |
_c8116 _d8116 |
||